7 ideas clave: escuelas sostenibles en convivencia
Furkejuvvon:
| Váldodahkki: | |
|---|---|
| Materiálatiipa: | Girji |
| Giella: | espánnjágiella |
| Almmustuhtton: |
Barcelona
Graó
2010
|
| Preanttus: | 1a. ed |
| Ráidu: | Colección Ideas Claves, 14. Serie Orientación y Tutoría
|
| Fáttát: | |
| Fáddágilkorat: |
Lasit fáddágilkoriid
Eai fáddágilkorat, Lasit vuosttaš fáddágilkora!
|
MARC
| LEADER | 00000nam a2200000 a 4500 | ||
|---|---|---|---|
| 001 | UCG5749 | ||
| 003 | CL-VaPUC | ||
| 008 | 110317e20100900SP |||||||||||||||||spa|d | ||
| 082 | 0 | 4 | |a 370.115 |b VIC |2 21 |
| 100 | |a Vicente Abad, Juan de |e autor |9 555555 | ||
| 245 | 1 | 0 | |a 7 ideas clave: escuelas sostenibles en convivencia |
| 250 | |a 1a. ed | ||
| 300 | |a 222 p | ||
| 942 | |c BK | ||
| 945 | |d 20110317 00:00:00 |a jcampos | ||
| 260 | |a Barcelona |b Graó |c 2010 | ||
| 650 | 7 | |a ESCUELAS SOSTENIBLES |2 CL-VaPUC |9 555556 | |
| 650 | 7 | |a GESTION DEMOCRATICA |2 CL-VaPUC |9 555557 | |
| 650 | 0 | |a Curriculum |9 411052 | |
| 583 | |a last modification |c 20110317 00:00:00 |k Rodrigo Vera | ||
| 490 | 0 | |a Colección Ideas Claves, 14. Serie Orientación y Tutoría | |
| 999 | |c 344129 |d 344127 | ||
| 952 | |0 0 |1 0 |4 0 |6 370_115000000000000_VIC_2010 |7 0 |8 A |9 441928 |a BIBEDU |b BIBEDU |d 2019-11-22 |i 4756339 |o 370.115 VIC 2010 |p 4756339 |r 2019-11-22 |w 2019-11-22 |y BK |k EPE | ||